000 00495nam a2200169 i 4500
001 44951
003 ES-MaACL
005 20230906161126.0
007 t|
008 030324s1906 xxk ||||1| eng d
100 1 _aClarke, H. Butler.
_939063
245 1 0 _aModern Spain 1815-1898 /
_cby H. Butler Clarke ; with a memoir by W. H. Hutton.
260 _aCambridge :
_bUniversity Press,
_c1906.
300 _aXXVI, 510 p. ;
_c19 cm.
700 1 _aHutton, W. H.
_964855
852 _aES-MaACL
_jD-1362
999 _c44951
_d44951